It looks like you're offline.
Open Library logo
additional options menu

MARC record from Internet Archive

LEADER: 00836cam 2200241Ii 4500
001 5116269
005 19960206000000.0
008 790628s1910 enkaf 001 0 eng d
035 $aocm05116269
040 $aAZU$cAZU$dOCL$dYAM
049 $aYAM$
090 $aQL690.G7$bT48 1910
100 1 $aThomson, Arthur Landsborough,$cSir,$d1890-
245 10 $aBritain's birds and their nests /$cdescribed by A. Landsborough Thomson ; with introduction by J. Arthur Thomson, illustrated by George Rankin.
260 $aLondon :$bW. & R. Chambers,$c1910.
300 $axxviii, 340 p., 132 leaves of plates :$bcol. ill. ;$c26 cm.
500 $aIncludes index.
650 0 $aBirds$zGreat Britain.
650 0 $aBirds$xNests.
690 $a59.82(42)
700 1 $aThomson, J. Arthur$q(John Arthur),$d1861-1933.
700 1 $aRankin, George.
935 $a44377